[Event "BCF-chT4S 2324 (4NCL)"]
[Site "England"]
[Date "2024.02.11"]
[Round "6.76"]
[White "Willoughby, Robert"]
[Black "Rosenbach, Philip"]
[Result "1/2-1/2"]
[WhiteElo "1620"]
[BlackElo "1102"]
[PlyCount "67"]
[EventDate "2024.02.11"]
[EventType "team-swiss"]
[EventRounds "11"]
[EventCountry "ENG"]
[SourceTitle "EXT 2025"]
[Source "ChessBase"]
[SourceDate "2024.10.14"]
[SourceVersion "1"]
[SourceVersionDate "2024.10.14"]
[SourceQuality "1"]
[WhiteTeam "Ashfield III"]
[BlackTeam "Iceni II"]
[WhiteTeamCountry "ENG"]
[BlackTeamCountry "ENG"]

1. d4 Nf6 2. c4 d6 3. Nf3 Nbd7 4. Nc3 e5 5. e4 b6 6. d5 Bb7 7. h3 Nc5 8. Qc2 c6 9. b4 Ncd7 10. Bd3 Be7 11. 0-0 0-0 12. Be3 a5 13. b5 cxd5 14. exd5 Rc8 15. Qd2 Qc7 16. Rac1 Nc5 17. Bf5 Rcd8 18. Bb1 Rc8 19. Rfe1 Ncd7 20. Ne2 Qd8 21. Ng3 Rc7 22. Nf5 Re8 23. Qe2 Qc8 24. g4 h6 25. N3h4 Nc5 26. Nxe7+ Rexe7 27. Nf5 Re8 28. Nxd6 Qd7 29. Nxe8 Qxe8 30. g5 hxg5 31. Bxg5 Qc8 32. Qf3 Ncd7 33. Bf5 Rxc4 34. Rcd1 1/2-1/2

[Event "BCF-chT4 2223 (4NCL)"]
[Site "England"]
[Date "2023.05.01"]
[Round "11.156"]
[White "Rosenbach, Philip"]
[Black "Wang, Luoling"]
[Result "1-0"]
[WhiteElo "903"]
[BlackElo "500"]
[PlyCount "41"]
[EventDate "2022.11.05"]
[EventType "team-swiss"]
[EventRounds "11"]
[EventCountry "ENG"]
[SourceTitle "EXT 2024"]
[Source "ChessBase"]
[SourceDate "2023.10.10"]
[SourceVersion "1"]
[SourceVersionDate "2023.10.10"]
[SourceQuality "1"]
[WhiteTeam "Iceni III"]
[BlackTeam "Cambridge University II"]
[WhiteTeamCountry "ENG"]
[BlackTeamCountry "ENG"]

1. c4 c5 2. g3 e5 3. Bg2 Bd6 4. Nc3 Nf6 5. e3 0-0 6. Nge2 Be7 7. d4 exd4 8. exd4 cxd4 9. Nxd4 Bc5 10. Be3 Bxd4 11. Bxd4 Nc6 12. 0-0 Nxd4 13. Qxd4 d6 14. Rae1 d5 15. cxd5 Nxd5 16. Nxd5 b6 17. Ne7+ Kh8 18. Qxd8 Rxd8 19. Bxa8 Bd7 20. Rd1 Bh3 21. Rxd8# 1-0